Bilecik Bilecik Bilecik Bilecik Bilecik

Cumhuriyet dönemi Türk heykeli/ (Record no. 26040)

MARC details
000 -BAŞLIK
Sabit Uzunluktaki Kontrol Alanı 01319nam a22003857a 4500
001 - KONTROL NUMARASI
Control Dosyası 0026094
003 - KONTROL NUMARASI KİMLİĞİ
Kontrol Alanı KOHA_MİRAKIL
005 - EN SON İŞLEM TARİHİ ve ZAMANI
Kontrol Alanı 20260207002518.0
007 - FİZİKSEL TANIM SABİT ALAN - GENEL BİLGİ
Sabit uzunluklu kontrol alanı ta
008 - SABİT UZUNLUKTAKİ VERİ ÖGELERİ - GENEL BİLGİ
Sabit Alan 101214b1984 tu |||gr||||#||||0|tur |
020 ## - ISBN - ULUSLARARASI STANDART KİTAP NUMARASI
Kullanılabilirlik koşulları 0,01
040 ## - KATALOGLAMA KAYNAĞI
Özgün Kataloglama Kurumu TR-BiSEU
Kataloglama Dili tur
Çeviri Kurumu TR-BiSEU
Açıklama Kuralları rda
041 0# - DİL KODU
Metin ya da ses kaydının dil kodu tur
044 ## - YAYINLAYAN/ÜRETEN KURULUŞUN ÜLKE KODU
ISO country code tu
050 ## - SINIFLAMA ve YER NUMARASI
Sınıflama Numarası NB868
Yer Numarası .G49 1984
100 1# - KİŞİ ADI
Yazar Adı (Kişi adı) Gezer, Hüseyin.
245 1# - ESER ADI BİLDİRİMİ
Başlık Cumhuriyet dönemi Türk heykeli/
Sorumluluk Bildirimi Hüseyin Gezer ; Hüseyin Gezer.
250 ## - BASIM BİLDİRİMİ
Basım Bildirimi 3.cü baskı.
264 #1 - ÜRERİM, YAYIN, DAĞITIM ve TELİF BİLDİRİMİ
Yayın yeri Ankara :
Yayınlayan Türkiye İş Bankası Kültür Yayınları
Yayın tarihi 1984
300 ## - FİZİKSEL TANIMLAMA
Sayfa, Cilt vb. 351 sayfa: resimli; 21 cm.
336 ## - İÇERİK TÜRÜ
Content type term metin
Content type code txt
Source rdacontent
337 ## - MEDYA TÜRÜ
Media type term aracısız
Media type code n
Source rdamedia
338 ## - TAŞIYICI TÜRÜ
Carrier type term cilt
Carrier type code nc
Source rdacarrier
490 1# - DİZİ BİLDİRİMİ
Dizi Bildirimi Genel yayın / Türkiye İş Bankası Kültür Yayınları ;
Cilt Numarası no.
490 1# - DİZİ BİLDİRİMİ
Dizi Bildirimi 255.
490 1# - DİZİ BİLDİRİMİ
Dizi Bildirimi Cumhuriyet dizisi ;
Cilt Numarası 14
500 ## - GENEL NOT
Genel Not Rev., updated ed. of: 50 yılın Türk resim ve heykeli / Nurullah Berk, Hüseyin Gezer.
500 ## - GENEL NOT
Genel Not Running title: Türk heykeli.
650 #0 - KONU BAŞLIĞI EK GİRİŞ - KONU TERİMİ
Konusal terim veya coğrafi ad Sculpture, Turkish-- 20th century.
9 (RLIN) 52015
650 #0 - KONU BAŞLIĞI EK GİRİŞ - KONU TERİMİ
Konusal terim veya coğrafi ad Sculptors--Turkey--Biography.
9 (RLIN) 52016
830 1# - SERİ EK GİRİŞİ - TEKBİÇİM ESER ADI
Tekbiçim Başlık Genel yayın / Türkiye İş Bankası Kültür Yayınları ;
Volume number/sequential designation no.
9 (RLIN) 52017
830 1# - SERİ EK GİRİŞİ - TEKBİÇİM ESER ADI
Tekbiçim Başlık 255.
9 (RLIN) 18122
830 1# - SERİ EK GİRİŞİ - TEKBİÇİM ESER ADI
Tekbiçim Başlık Cumhuriyet dizisi ;
Volume number/sequential designation 14
9 (RLIN) 52018
942 ## - EK GİRİŞ ÖGELERİ (KOHA)
Source of classification or shelving scheme Library of Congress Classification
Koha item type Book
Holdings
Materyal Türü Kalıcı Konum Mevcut Konum Raf Yeri Sınıflandırma Kaynağı Edinim Bilgisi Ana Konular Alt Konular Yer Numarası Demirbaş Numarası Fatura Tarihi Maliyet, Alış Fiyatı Maliyet, Yenileme Fiyatı Geri Çekilme Durumu Kayıp Durumu Hasarlı Durumu Kredi için değil Kayıt Tarih Toplam Ödünçverme Son Görülme Tarihi Son Kontrol Tarihi Genel / Bağış Notu
Book Prof. Dr. Azmi Özcan Kütüphanesi Prof. Dr. Azmi Özcan Kütüphanesi Uluğbey Salonu Library of Congress Classification Bağış GÜZEL SANATLAR Heykel NB868 .G49 1984 0026094 02/02/2026 3.00 3.00         14/12/2010   05/12/2024 05/12/2024 Genel Bağış